000
00228 a2200097 4500
001
7602
100
_a
Crowther, J G
245
_a
Discoveries and Inventions of the 20th century
260
_a
_b
Routledge
_c
090
_c
6084
_d
6084
942
_a
NUST-CAE
_c
M
_c
32583
999
_c
242675
_d
242675